Top trends in facilities management (Record no. 116085)

MARC details
000 -LEADER
fixed length control field 01380cad a22002415a 4500
001 - CONTROL NUMBER
control field L159674
008 - FIXED-LENGTH DATA ELEMENTS--GENERAL INFORMATION
fixed length control field 120615s2017 xxk 000 0 eng d
035 ## - SYSTEM CONTROL NUMBER
System control number (Sirsi) u159674
041 0# - LANGUAGE CODE
Language code of text/sound track or separate title eng
110 1# - MAIN ENTRY--CORPORATE NAME
Corporate name or jurisdiction name as entry element CBRE
245 00 - TITLE STATEMENT
Title Top trends in facilities management
Remainder of title how society, demographics and technology are changing the world of FM
Medium [electronic resource]
260 ## - PUBLICATION, DISTRIBUTION, ETC.
Place of publication, distribution, etc. London
Name of publisher, distributor, etc. CBRE
Date of publication, distribution, etc. 2017
505 2# - FORMATTED CONTENTS NOTE
Formatted contents note Foreword: a world of opportunity -- Top trends in FM: a summary -- The changing face of outsourcing -- Outsourcing evolution -- Integrated services -- The new workplace -- The multi-generational workplace -- Wellness -- Collaboration -- Digital disruption and the portfolio -- Managed workspace and co-working -- Personalisation -- Smart technology and artificial intelligence -- The smart workplace -- Data-driven decision making -- The rise of the robots -- Conclusion
520 ## - SUMMARY, ETC.
Summary, etc. Intets to help occupiers think through how they achieve their strategic goals, through their real estate and facilities.
590 ## - LOCAL NOTE (RLIN)
Local note NTK KA
650 24 - SUBJECT ADDED ENTRY--TOPICAL TERM
Topical term or geographic name entry element Facilities management
9 (RLIN) 6240
650 24 - SUBJECT ADDED ENTRY--TOPICAL TERM
Topical term or geographic name entry element DIGITISATION
651 #4 - SUBJECT ADDED ENTRY--GEOGRAPHIC NAME
Geographic name Europe
651 #4 - SUBJECT ADDED ENTRY--GEOGRAPHIC NAME
Geographic name EMEA
690 ## - LOCAL SUBJECT ADDED ENTRY--TOPICAL TERM (OCLC, RLIN)
Topical term or geographic name as entry element Commercial property
9 (RLIN) 6227
856 40 - ELECTRONIC LOCATION AND ACCESS
Uniform Resource Identifier <a href="https://www.cbre.co.uk/research-and-reports/EMEA---Top-Trends-In-Facilities-Management-January-2017">https://www.cbre.co.uk/research-and-reports/EMEA---Top-Trends-In-Facilities-Management-January-2017</a>
Public note View the report at www.cbre.co.uk/research-and-reports
942 ## - ADDED ENTRY ELEMENTS (KOHA)
Suppress in OPAC 0
Holdings
Withdrawn status Lost status Source of classification or shelving scheme Damaged status Not for loan Home library Current library Shelving location Date acquired Total Checkouts Full call number Barcode Date last seen Copy number Price effective from Koha item type
    Dewey Decimal Classification     Virtual Virtual Online 08/12/2017   ONLINE PUBLICATION 159674-2001 06/08/2019 1 06/08/2019 Book